Governance and development in East Africa 1960-2006/ (Record no. 54310)
[ view plain ]
| 000 -LEADER | |
|---|---|
| fixed length control field | 00623 a2200181 4500 |
| 003 - CONTROL NUMBER IDENTIFIER | |
| control field | OSt |
| 005 - DATE AND TIME OF LATEST TRANSACTION | |
| control field | 20190806093604.0 |
| 008 - FIXED-LENGTH DATA ELEMENTS--GENERAL INFORMATION | |
| fixed length control field | 190806b ||||| |||| 00| 0 eng d |
| 020 ## - INTERNATIONAL STANDARD BOOK NUMBER | |
| International Standard Book Number | 9789966792662 |
| 040 ## - CATALOGING SOURCE | |
| Transcribing agency | lc |
| 050 ## - LIBRARY OF CONGRESS CALL NUMBER | |
| Classification number | JQ2945 |
| Item number | .G6 E27 2017 |
| 245 ## - TITLE STATEMENT | |
| Title | Governance and development in East Africa 1960-2006/ |
| Remainder of title | edited by Pontian Godfrey Okoth |
| 260 ## - PUBLICATION, DISTRIBUTION, ETC. (IMPRINT) | |
| Name of publisher, distributor, etc | University of Nairobi Press |
| Date of publication, distribution, etc | 2017 |
| Place of publication, distribution, etc | Nairobi Kenya : |
| 300 ## - PHYSICAL DESCRIPTION | |
| Extent | viii, 228 p. : |
| Other physical details | ill. ; |
| Dimensions | 27 cm. |
| 650 ## - SUBJECT ADDED ENTRY--TOPICAL TERM | |
| Topical term or geographic name as entry element | Economic development |
| Form subdivision | Political aspects |
| General subdivision | Case studies. |
| 650 ## - SUBJECT ADDED ENTRY--TOPICAL TERM | |
| Topical term or geographic name as entry element | Economic assistance |
| Form subdivision | Developing countries |
| General subdivision | Case studies. |
| 942 ## - ADDED ENTRY ELEMENTS (KOHA) | |
| Koha item type | Book |
| Source of classification or shelving scheme | Library of Congress Classification |
| Withdrawn status | Lost status | Source of classification or shelving scheme | Damaged status | Not for loan | Collection code | Home library | Current library | Shelving location | Date acquired | Source of acquisition | Cost, normal purchase price | Total Checkouts | Total Renewals | Full call number | Barcode | Date checked out | Copy number | Price effective from | Koha item type |
|---|---|---|---|---|---|---|---|---|---|---|---|---|---|---|---|---|---|---|---|
| Library of Congress Classification | Non-fiction | Bishop Okullu Memorial Library (Limuru Campus) | Bishop Okullu Memorial Library (Limuru Campus) | General Circulation | 06/08/2019 | Donation - TBN | 1500.00 | 3 | 1 | JQ2945 .G6 E27 2017 | 061756 | 26/10/2022 | 1 | 06/08/2019 | Book |